|
|
|
|
| LEADER |
01300nam a2200337 a 4500 |
| 001 |
39113 |
| 003 |
BD-DhAAL |
| 005 |
20220719095430.0 |
| 008 |
880629r1989 nju b 000 0 eng |
| 999 |
|
|
|c 44590
|d 44590
|
| 010 |
|
|
|a 88022701
|
| 020 |
|
|
|a 0691051127 :
|c $28.00
|
| 020 |
|
|
|a 0691007519 (pbk.) :
|c $9.95
|
| 040 |
|
|
|a DLC
|c DLC
|d DLC
|d BD-DhAAL
|
| 041 |
1 |
|
|a engfre
|
| 043 |
|
|
|a e-fr---
|
| 050 |
0 |
0 |
|a DC138
|b .L413 1989
|
| 082 |
0 |
0 |
|a 944.04
|2 19
|
| 100 |
1 |
|
|a Lefebvre, Georges,
|d 1874-1959.
|9 49963
|
| 240 |
1 |
0 |
|a Quatre-vingt-neuf.
|l English
|
| 245 |
1 |
4 |
|a The coming of the French revolution /
|c Georges Lefebvre ; translated [with a new preface] by R.R. Palmer.
|
| 250 |
|
|
|a Bicentennial edition
|
| 260 |
|
|
|a Princeton, N.J. :
|b Princeton University Press,
|c 1989, c1947 [fifth hardcover printing 1971]..
|
| 300 |
|
|
|a xix, 235 pages ;
|c 21 cm.
|
| 490 |
0 |
|
|a Princeton paperbacks
|
| 500 |
|
|
|a Includes index.
|
| 541 |
|
|
|a Donated By Akbar Ali Khan
|e 39113
|
| 651 |
|
0 |
|a France
|x History
|y Revolution, 1789-1799
|x Causes.
|9 49964
|
| 852 |
|
|
|a Ayesha Abed Library
|c Akbar Ali Khan Collection
|
| 942 |
|
|
|2 ddc
|c BK
|
| 952 |
|
|
|0 0
|1 0
|2 ddc
|4 0
|6 944_040000000000000_LEF
|7 1
|9 71280
|a BRACUL
|b BRACUL
|c AAKC
|d 2022-07-19
|e Donated by Akbar Ali Khan
|l 0
|o 944.04 LEF
|p 3010039113
|r 2022-07-19
|t 1
|w 2022-07-19
|y BK
|